000 00337nam a2200109Ia 4500
008 160531s9999 xx 000 0 und d
100 _aGarban, Christophe.
245 _aLectures on Noise Sensitivity and Percolation
245 _cby Christophe Garban, Jeffrey E. Steif
260 _c2011
856 _uhttp://arxiv.org/pdf/1102.5761v3.pdf
999 _c295290
_d295290